| 000 | 02256cam a2200529Ma 4500 | ||
|---|---|---|---|
| 999 |
_c2347 _d2347 |
||
| 001 | 1151175 | ||
| 003 | OCoLC | ||
| 005 | 20230420110815.0 | ||
| 008 | 071029s2007 enka j 000 1 eng d | ||
| 015 |
_aGBA753642 _2bnb |
||
| 015 |
_aGBB191553 _2bnb |
||
| 020 |
_a9780746085363 _q(hbk.) |
||
| 035 |
_a(OCoLC)271434208 _z(OCoLC)155683276 _z(OCoLC)192094718 _z(OCoLC)751736953 _z(OCoLC)966014162 |
||
| 040 |
_aAU@ _beng _cAU@ _dUKM _dBTCTA _dSINLB _dYDXCP _dJFN _dBAKER _dRIOSL _dIHG _dOCLCQ _dUKMGB _dBDX _dKP9 _dOCLCO _dOCLCQ _dOCLCO _dMYPEN _dTDS _dOCLCO _dCNGUL _dNZASP _dCNCAR _dOWE _dNZHPC _dOCLCQ _dOCLCF _dOCLCO _dVT2 _dOCLCQ _dOCLCO _dTHU _dKH8 |
||
| 042 | _anbic | ||
| 082 | 0 | _a823.92 MAC | |
| 100 | 1 |
_aMackinnon, Mairi. _eAuthor |
|
| 245 | 1 | 4 |
_aThe leopard and the Sky God / _cretold by Mairi Mackinnon ; illustrated by Ali Lodge. |
| 260 |
_aLondon : _bUsborne, _c2007. |
||
| 300 |
_a48 pages : _bcolor illustrations ; _c21 cm. |
||
| 336 |
_atext _btxt _2rdacontent. |
||
| 337 |
_aunmediated _bn _2rdamedia. |
||
| 338 |
_avolume _bnc _2rdacarrier. |
||
| 490 | 1 | _aUsborne first reading. Level three. | |
| 520 | _a"In this lovely African tale, set long, long ago, the leopard has a spendid new drum - and the Sky God wants it. Along the way, the tortoise gets a shell and thunder is made for the very first time"--Back cover. | ||
| 650 | 0 | _aReaders (Primary) | |
| 650 | 0 |
_aFables, African _vJuvenile fiction. |
|
| 650 | 0 |
_aLeopard _vJuvenile fiction. |
|
| 650 | 1 |
_aFaolktales _vJuvenile fiction. |
|
| 650 | 5 | _aReaders (Primary) | |
| 650 | 7 |
_aFables, African. _2fast _0(OCoLC)fst00919372. |
|
| 650 | 7 |
_aLeopard. _2fast _0(OCoLC)fst00996229. |
|
| 650 | 7 |
_aReaders (Primary) _2fast _0(OCoLC)fst01090606. |
|
| 655 | 0 | _aChildren's stories. | |
| 655 | 4 |
_aChildren's nonfiction. _5NZ-WeK. |
|
| 655 | 7 |
_aFables. _2fast _0(OCoLC)fst01726604. |
|
| 655 | 7 |
_aFiction. _2fast _0(OCoLC)fst01423787. |
|
| 655 | 7 |
_aJuvenile works. _2fast _0(OCoLC)fst01411637. |
|
| 655 | 7 |
_aReaders (Primary) _2fast _0(OCoLC)fst01726484. |
|
| 655 | 7 |
_aFables. _2gsafd. |
|
| 655 | 7 |
_aFables. _2lcgft. |
|
| 655 | 7 |
_aReaders (Primary) _2lcgft. |
|
| 655 | 7 |
_aChildren's stories. _2lcgft. |
|
| 700 | 1 |
_aLodge, Alison. _eIllustrator |
|
| 830 | 0 |
_aUsborne first reading. _nLevel three. |
|
| 942 |
_2ddc _cFIC |
||